Deep Reinforcement Learning and Its Industrial Use Cases: AI for Real-World Applications /

Uloženo v:
Podrobná bibliografie
Hlavní autor: Mahajan, Shubham (edición)
Další autoři: Pandit, Amit Kant (edición) (edición), Raj, Pethuru (edición) (edición)
Médium: Kniha
Jazyk:angličtina
Vydáno: Hoboken, EUA : Wiley, 2024, c2024
On-line přístup:Ver documento en línea
Tagy: Přidat tag
Žádné tagy, Buďte první, kdo vytvoří štítek k tomuto záznamu!

MARC

LEADER 00000nam^a22000000a04500
001 000630903
005 20260416000000.0
009 20260416115640.325
020 |a 9781394272570 
037 |a Acervo ITESO - Biblioteca 
041 |a ING 
082 |a Libro en línea 
100 |a Mahajan, Shubham  |e (edición) 
245 1 0 |a Deep Reinforcement Learning and Its Industrial Use Cases:  |b AI for Real-World Applications / 
264 4 |a Hoboken, EUA :  |b Wiley,  |c 2024, c2024 
264 2 |a Hoboken, EUA :  |b Wiley [distribución],  |c 2025 
300 |a 1 libro electrónico en línea ( p.) 
300 |a 1 recurso en línea 
336 |a datos para computadora  |b cod  |2 rdacontenido 
337 |a computadora  |b c  |2 rdamedio 
338 |a recurso en línea  |b cr  |2 rdasoporte 
506 0 |a Licencias ilimitadas 
521 |a Wiley 2026 EEnlace Departamento de Electrónica, Sistemas e Informática 
567 |a Catalogación rápida 
649 |a XX 
700 |a Pandit, Amit Kant  |e (edición) 
700 |a Raj, Pethuru  |e (edición) 
856 4 0 |u https://ezproxy.iteso.mx/login?qurl=https%3A%2F%2Fieeexplore.ieee.org%2Fservlet%2Fopac%3Fbknumber%3D10955393  |y Ver documento en línea 
910 |a Fondo General 
920 |a Electrónicos - Libros en Línea 
930 |a Plataforma Digital 
905 |a 205 
902 |a https://opac.biblio.iteso.mx/vufind/Record/000630903